Rozpoznawanie kolorów - quiz wielokrotnego wyboru - Statystyki

Ogólne statystyki
  • Ten quiz został rozwiązany 2 463 razy
  • Średni wynik to 10 z 15
Statystyki odpowiedzi
Zagadnienie Odpowiedź % Poprawnych
Fiołkoworóżowy
94%
Fuksjowy
88%
Barwa morska
88%
Ecru
84%
Burgundowy
81%
Pistacjowy
79%
Cyjan
71%
Cytrusowy
62%
Karmazynowy
61%
Puce
61%
Ceruleum
45%
Barwinkowy
42%
Taupe
42%
Robin egg blue
36%
Cynober
36%
Nie znaleziono quizów pasujących do podanych kryteriów
Rozkład punktacji
Procent ludzi z każdym wynikiem
Percentyl według liczby udzielonych odpowiedzi
Twoja historia wyników
Nie rozwiązałeś tego quizu